Języki urzędowe państw Afryki - Statystyki

Ogólne statystyki
  • Ten quiz został rozwiązany 126 razy
    65 od ostatniego zresetowania
  • Średni wynik to 12 z 29
Statystyki odpowiedzi
Hint Odpowiedź % Poprawnych
Burkina Faso angielski
100%
Botswana francuski
98%
Benin portugalski
98%
Algieria arabski
92%
Eswatini hiszpański
87%
Etiopia suahili
62%
Mali włoski
53%
Lesotho zuluski
51%
Gwinea Bissau afrikaans
47%
Angola berberyjski
43%
Malawi somalijski
43%
Erytrea amharski
42%
Gambia sotho
36%
Ghana malgaski
32%
Egipt suazi
32%
Burundi tswana
30%
Gwinea Równikowa xhosa
30%
Madagaskar seszelski
28%
Demokratyczna Republika Konga kongo
23%
Gabon komoryjski
21%
Czad rundi
17%
Dżibuti tigrinia
15%
Kamerun ndebele
13%
Gwinea cziczewa
11%
Libia kiniaruanda
11%
Komory tsonga
11%
Kongo venda
11%
Kenia północny sotho
9%
Liberia sango
8%
Nie znaleziono quizów pasujących do podanych kryteriów
Rozkład punktacji
Procent ludzi z każdym wynikiem
Percentyl według liczby udzielonych odpowiedzi
Twoja historia wyników
Nie rozwiązałeś tego quizu od ostatniego zresetowania